Modernización, democracia y descentralización

Saved in:
Bibliografiske detaljer
Hovedforfatter: Garretón Merino, Manuel Antonio (autor)
Format: Bog
Sprog:spansk
Udgivet: Santiago La Nación 1993
Fag:
Tags: Tilføj Tag
Ingen Tags, Vær først til at tagge denne postø!

MARC

LEADER 00000nam a2200000 a 4500
001 UCY5032
003 CL-VaPUC
005 20241211153408.0
008 950410e19930000cl 1 spa d
082 0 4 |a 301  |b GAR  |2 21 
100 |a Garretón Merino, Manuel Antonio  |e autor  |9 617177 
245 1 0 |a Modernización, democracia y descentralización 
260 |a Santiago  |b La Nación  |c 1993 
300 |a 300 p 
583 |a last modification  |c 19950410 00:00:00  |k Rodrigo Vera 
650 0 7 |a SOCIOLIOGIA  |2 CL-VaPUC  |9 617178 
650 0 0 |a Congresos  |9 257560 
942 |c BK 
945 |a rbrito  |d 19950410 00:00:00 
546 |a En Español 
518 |p Congreso Chileno de Sociología, 4, Santiago, 1992 
999 |c 382368  |d 382366 
952 |0 0  |1 0  |4 0  |6 301_000000000000000_GAR_1993  |7 0  |8 A  |9 504020  |a BIBDER  |b BIBDER  |d 2020-01-23  |i 294586K  |o 301 GAR 1993  |p 294586K  |r 2023-01-25  |w 2020-01-23  |y BK  |k DER 
952 |0 0  |1 0  |4 0  |6 301_000000000000000_GAR_1993  |7 0  |8 P  |9 504022  |a BIBGIM  |b BIBGIM  |d 2020-01-23  |i 3254895  |o 301 GAR 1993  |p 3254895  |r 2025-01-15  |w 2020-01-23  |y BK  |k SSL 
952 |0 0  |1 0  |4 0  |6 301_000000000000000_GAR_1993  |7 0  |8 P  |9 504023  |a BIBGIM  |b BIBGIM  |d 2020-01-23  |i 3744124  |o 301 GAR 1993  |p 3744124  |r 2025-01-15  |w 2020-01-23  |y BK  |k GIM